00972nam a2200229 a 450000100100000000500170001000800410002702000150006804000250008308200150010810000280012324500960015126001230024730000440037049000290041450000730044359000270051670000330054383000360057695201130061299900170072500003758420200930080444.0120501s1996 it a 000 0 spa d a8400076125 aDO-SdBNPbspacBNPHU axxxbS161a1 aSalcedo, Fabiola96405310aAfrica :biconografía de una provincia romana /cFabiola Salcedo ; prólogo Javier Arce. aRoma/Madrid :bConsejo Superior de Investigaciones Científicas,bEscuela de Historia y Arqueología en Roma,c1996. axviii, 275, 30 laminas :bil. ;c27 cm.1 aBiblioteca Itálicav21 aIncluye datos biográficos de la autora en la solapa de la cubierta aInventariado, 2019 /LP12aArce, Javierepról.964054 0aBiblioteca Itálicav21964055 001050718MOaGRbGRcHDd2012-05-01iLF1l0oxxx S161ap37584-10r2020-06-25w2020-06-25y1ZNo se presta c37074d37074